000 00720nam0a22002411 4500
001 v19\rc\1228074
005 20250617225209.0
035 _a(NLR Aleph) 004389074
090 _a3728185
_c3728185
100 _a20060306d1880 |||y0rusy50 ca
101 0 _arus
102 _aRU
105 _ay z |||||
200 1 _aВопрос дня, или Темная клика злоумышленников
_fСоч. П.С.
210 _aМосква
_cтип. И.И. Смирнова
_d1880
215 _a24 с.
517 0 _aТемная клика злоумышленников
701 0 _aП.С.
801 0 _aRU
_bNLR
_gpsbo
801 1 _aRU
_bProSoft-M
_2rusmarc
852 _aNLR
_j18.142.1.57
942 _cBOOK
980 _aNB